Diễn văn bế mạc đại hội đại biểu Đảng bộ Thành phố Hồ Chí Minh lần thứ 6 /
Zapisane w:
| 1. autor: | |
|---|---|
| Format: | Artykuł |
| Język: | Vietnamese |
| Hasła przedmiotowe: | |
| Etykiety: |
Dodaj etykietę
Nie ma etykietki, Dołącz pierwszą etykiete!
|
| Thư viện lưu trữ: | Thư viện Trường Đại học Đà Lạt |
|---|
| LEADER | 00864nam a2200277 4500 | ||
|---|---|---|---|
| 001 | DLU090073077 | ||
| 005 | ##20090508 | ||
| 040 | # | # | |a DLU |b vie |
| 041 | # | # | |a vie |
| 044 | # | # | |a vn |
| 100 | # | # | |a Trương Tấn Sang. |
| 245 | # | # | |a Diễn văn bế mạc đại hội đại biểu Đảng bộ Thành phố Hồ Chí Minh lần thứ 6 / |c Trương Tấn Sang. |
| 653 | # | # | |a Đại hội đại biểu lần thứ 6 |
| 653 | # | # | |a Đảng bộ thành phố |
| 653 | # | # | |a Diễn văn |
| 653 | # | # | |a Tp. Hồ Chí Minh |
| 773 | # | # | |t Khoa học Xã hội |g Số 28, 1996, tr. 34-38 |
| 920 | # | # | |a Phòng Tạp chí -- Trung tâm Thông tin - Thư viện Trường Đại học Đà Lạt |
| 994 | # | # | |a DLU |
| 900 | # | # | |a True |
| 911 | # | # | |a Nguyễn Thanh Hương |
| 925 | # | # | |a G |
| 926 | # | # | |a A |
| 927 | # | # | |a BB |
| 980 | # | # | |a Thư viện Trường Đại học Đà Lạt |